La iglesia frente al terrorismo de ETA / (Record no. 94298)

MARC details
000 -LEADER
campo de control de longitud fija 01483cam a22003974a 4500
001 - NÚMERO DE CONTROL
campo de control 51608
005 - FECHA Y HORA DE LA ÚLTIMA TRANSACCIÓN
campo de control 20230410142348.0
008 - DATOS DE LONGITUD FIJA--INFORMACIÓN GENERAL
campo de control de longitud fija 020114s2001 sp b 001 0 spa
010 ## - NÚMERO DE CONTROL DE LA BIBLIOTECA DEL CONGRESO
Número de control de LC 2002415796
035 ## - NÚMERO DE CONTROL DEL SISTEMA
Número de control de sistema (OCoLC)ocm48848967
040 ## - FUENTE DE CATALOGACIÓN
Centro catalogador/agencia de origen DLC
Centro/agencia transcriptor DLC
Centro/agencia modificador PL#
-- I5B
-- NYP
-- GZM
020 ## - NÚMERO INTERNACIONAL ESTÁNDAR DEL LIBRO
Número Internacional Estándar del Libro 847914520X
020 ## - NÚMERO INTERNACIONAL ESTÁNDAR DEL LIBRO
Número Internacional Estándar del Libro 9788479145200
029 1# - OTRO NÚMERO DE CONTROL DE SISTEMA (OCLC)
Identificador de la biblioteca OCLC I5B
Número de control de sistema 131822
035 ## - NÚMERO DE CONTROL DEL SISTEMA
Número de control de sistema (OCoLC)48848967
042 ## - CÓDIGO DE AUTENTICACIÓN
Código de autenticación pcc
043 ## - CÓDIGO DE ÁREA GEOGRÁFICA
Código de área geográfica e-sp---
050 14 - SIGNATURA TOPOGRÁFICA DE LA BIBLIOTECA DEL CONGRESO
Número de clasificación BX1585.2
Número de ítem I335 2001
082 00 - NÚMERO DE LA CLASIFICACIÓN DECIMAL DEWEY
Número de clasificación 282/.46/0904
Número de edición 21
049 ## - FONDOS LOCALES (OCLC)
Biblioteca depositaria GRAL
245 03 - MENCIÓN DEL TÍTULO
Título La iglesia frente al terrorismo de ETA /
Mención de responsabilidad, etc. selección y edición de textos, José Francisco Serrano Oceja ; presentación, Antonio Ma. Rouco Varela ; epílogo, Fernando Sebastián Aguilar.
260 ## - PUBLICACIÓN, DISTRIBUCIÓN, ETC.
Lugar de publicación, distribución, etc. Madrid :
Nombre del editor, distribuidor, etc. Biblioteca de Autores Cristianos,
Fecha de publicación, distribución, etc. 2001.
300 ## - DESCRIPCIÓN FÍSICA
Extensión xxxiv, 823 p. ;
Dimensiones 20 cm.
490 1# - MENCIÓN DE SERIE
Mención de serie B.A.C. ;
Designación de volumen o secuencia 617
504 ## - NOTA DE BIBLIOGRAFÍA, ETC.
Nota de bibliografía, etc. Includes bibliographical references (p. [xxix]-xxxii) and index.
610 20 - PUNTO DE ACCESO ADICIONAL DE MATERIA--NOMBRE DE ENTIDAD CORPORATIVA
Nombre de entidad corporativa o nombre de jurisdicción como elemento de entrada Catholic Church
Subdivisión geográfica Spain
Subdivisión general History
Subdivisión cronológica 20th century
Subdivisión de forma Sources.
651 #0 - PUNTO DE ACCESO ADICIONAL DE MATERIA--NOMBRE GEOGRÁFICO
Nombre geográfico Spain
Subdivisión general Church history
Subdivisión cronológica 20th century
Subdivisión de forma Sources.
610 20 - PUNTO DE ACCESO ADICIONAL DE MATERIA--NOMBRE DE ENTIDAD CORPORATIVA
Nombre de entidad corporativa o nombre de jurisdicción como elemento de entrada ETA (Organization)
Subdivisión general History
Subdivisión cronológica 20th century
Subdivisión de forma Sources.
650 #0 - PUNTO DE ACCESO ADICIONAL DE MATERIA--TÉRMINO DE MATERIA
Término de materia o nombre geográfico como elemento de entrada Terrorism
Subdivisión geográfica Spain
Subdivisión general History
Subdivisión cronológica 20th century
Subdivisión de forma Sources.
700 1# - ENTRADA AGREGADA--NOMBRE PERSONAL
Nombre de persona Serrano Oceja, Josâe Francisco.
830 #0 - PUNTO DE ACCESO ADICIONAL DE SERIE-TÍTULO UNIFORME
Título uniforme Biblioteca de autores cristianos ;
Designación de volumen o secuencia 617.
938 ## -
-- Puvill Libros
-- PUVL
-- 847914520X
-- $33.12
938 ## -
-- Iberbook International S.L.
-- IBER
-- 131822
-- P32.50
942 ## - ELEMENTOS DE ENTRADA SECUNDARIOS (KOHA)
Fuente del sistema de clasificación o colocación Clasificación de Library of Congress
Tipo de ítem Koha
994 ## -
-- C0
-- DRFGD
Holdings
Estatus retirado Estado de pérdida Fuente del sistema de clasificación o colocación Estado de daño No para préstamo Colección Biblioteca de origen Biblioteca actual Ubicación en estantería Fecha de adquisición Serial enumeration / chronology Signatura topográfica completa Código de barras Visto por última vez Copia número Tipo de ítem Koha
    Clasificación de Library of Congress     Humanidades Biblioteca Juan Bosch Biblioteca Juan Bosch Humanidades (4to. Piso) 10/04/2023 3 BX1585.2 I335 2001 00000053563 17/11/2018 1